LDR 01290naa#a2200169#i#450# 001 RU\\bibl\123126 005 20260513092615.3 011 ## _a2409-1073 100 ## _a20231220b2023####ek#y0rusy0150####ca 102 ## _aRU 200 1# _aПреобразование современной институциональной архитектоники в России под влиянием идеальных факторов. Часть 2 _eЖурнальная статья 210 1# _aМосква _cФедеральное государственное автономное образовательное учреждение высшего образования Национальный исследовательский университет "Московский институт электронной техники" _d2023 215 ## _a0 с. 608 ## _aЖурнальная статья _2local 675 ## _aФилософия. Психология. 1 _aСоциальная структура. Общество как социальная система.Личности и персональные характеристики могут быть обозначены через -05 (табл.Ik). 316.3 _z 700 #1 _aРавочкин _gНикита Николаевич 856 4# _aesgi-journal.ru _u